[Event "XXXVI Torneo Internacional de La Roda 2"]
[Site "La Roda (Albacete) - ESPAÑA"]
[Date "2009.03.10"]
[Round "4.4"]
[White "Llorente Zaro, Alfonso"]
[Black "Almeida Quintana, Omar"]
[Result "1/2-1/2"]
[WhiteElo "2434"]
[BlackElo "2516"]
[PlyCount "56"]
[EventDate "2009.03.08"]

1. c4 g6 2. g3 Bg7 3. Bg2 c5 4. Nc3 Nc6 5. e3 Nh6 6. Nge2 Nf5 7. a3 a5 8. b3
O-O 9. Bb2 Rb8 10. Qc2 d6 11. O-O Bd7 12. Nb5 e5 13. Rad1 Nce7 14. d4 Bxb5 15.
cxb5 cxd4 16. exd4 Qb6 17. Qd3 Rbc8 18. a4 Rfd8 19. Bh3 h5 20. Ba3 exd4 21. Bb2
Rc5 22. Bg2 d5 23. Rc1 Rdc8 24. Rxc5 Rxc5 25. Rd1 Rc7 26. h4 Rc5 27. Ba3 Rc7
28. Bb2 Rc5 1/2-1/2

[Event "XXXVI Torneo Internacional de La Roda 2"]
[Site "La Roda (Albacete) - ESPAÑA"]
[Date "2009.03.10"]
[Round "4.5"]
[White "Kovacevic, Slobodan"]
[Black "Movsziszian, Karen"]
[Result "0-1"]
[WhiteElo "2383"]
[BlackElo "2556"]
[PlyCount "53"]
[EventDate "2009.03.08"]

1. d4 Nf6 2. Nf3 g6 3. Bg5 Bg7 4. Nbd2 O-O 5. c3 d6 6. a4 h6 7. Bh4 Nbd7 8. e4
e5 9. dxe5 dxe5 10. a5 c6 11. Bc4 Qc7 12. O-O Nc5 13. Re1 Nh5 14. Nb3 Ne6 15.
Nfd2 Rb8 16. Qc2 Re8 17. Nf1 Nhf4 18. Ne3 Ng5 19. Kh1 Bf6 20. Bg3 h5 21. f3 Kg7
22. Bf2 b6 23. axb6 axb6 24. Red1 Rh8 25. Qd2 Be7 26. Ba6 Be6 27. Bc4 {...} 0-1

[Event "XXXVI Torneo Internacional de La Roda 2"]
[Site "La Roda (Albacete) - ESPAÑA"]
[Date "2009.03.10"]
[Round "4.6"]
[White "Fernandez Siles, Luis"]
[Black "Suba, Mihai"]
[Result "0-1"]
[WhiteElo "2320"]
[BlackElo "2542"]
[PlyCount "82"]
[EventDate "2009.03.08"]

1. e4 Nf6 2. e5 Nd5 3. c4 Nb6 4. c5 Nd5 5. Bc4 e6 6. d4 d6 7. cxd6 cxd6 8. Nf3
Nc6 9. O-O Be7 10. Qe2 O-O 11. Nc3 Nxc3 12. bxc3 d5 13. Bd3 Bd7 14. h4 Bxh4 15.
g3 Be7 16. Kg2 f5 17. exf6 Rxf6 18. Ne5 Nxe5 19. dxe5 Rf5 20. Bxf5 exf5 21. Be3
Qe8 22. Rab1 Bc6 23. Bd4 Qg6 24. f4 Qe6 25. Rh1 a6 26. Rb2 h6 27. Rhb1 b5 28.
a4 Kh7 29. axb5 Bxb5 30. Rxb5 axb5 31. Rxb5 Ra6 32. Rb7 Bf8 33. Qh5 Kg8 34. Rb8
Ra2+ 35. Kh3 Qa6 36. Qf3 Qc4 37. e6 Re2 38. Be5 Qa2 39. Qh1 g5 40. fxg5 Rxe5
41. Qf1 Qc4 0-1

[Event "XXXVI Torneo Internacional de La Roda 2"]
[Site "La Roda (Albacete) - ESPAÑA"]
[Date "2009.03.10"]
[Round "4.7"]
[White "Serna Lara, Sergio"]
[Black "Del Rio De Angelis, Salvador G"]
[Result "0-1"]
[WhiteElo "2276"]
[BlackElo "2531"]
[PlyCount "40"]
[EventDate "2009.03.08"]

1. d4 e6 2. c4 Nf6 3. Nc3 Bb4 4. e3 c5 5. Nge2 d6 6. a3 Ba5 7. Ng3 O-O 8. Be2
d5 9. dxc5 Bxc3+ 10. bxc3 dxc4 11. Qxd8 Rxd8 12. Bxc4 Nbd7 13. Ke2 Nxc5 14. Bd2
Nfd7 15. f4 Nb6 16. Ba2 Bd7 17. c4 Bc6 18. Bc3 f6 19. Bd4 Nba4 20. Kf2 Nd3+ 0-1

[Event "XXXVI Torneo Internacional de La Roda 2"]
[Site "La Roda (Albacete) - ESPAÑA"]
[Date "2009.03.10"]
[Round "4.8"]
[White "Cabrera, Alexis"]
[Black "Pomes Marcet, Juan"]
[Result "1-0"]
[WhiteElo "2518"]
[BlackElo "2384"]
[PlyCount "89"]
[EventDate "2009.03.08"]

1. e4 e6 2. d4 d5 3. Nc3 Bb4 4. e5 c5 5. a3 Bxc3+ 6. bxc3 Qa5 7. Bd2 Qa4 8. Qg4
g6 9. Qf4 c4 10. Nf3 Nc6 11. Be2 h6 12. O-O Qxc2 13. Bd1 Qb2 14. Ba4 Qb6 15. h4
Bd7 16. Nh2 Qd8 17. Bc2 Nce7 18. h5 g5 19. Qf3 Nf5 20. Ng4 Qc7 21. Qh3 O-O-O
22. f4 gxf4 23. Bxf4 Nge7 24. Nf6 Bc6 25. g4 Ng7 26. Qe3 Ng8 27. Bh7 Ba4 28.
Bxg8 Rdxg8 29. Nxg8 Rxg8 30. Kh2 Bc2 31. Kh3 Be4 32. Bxh6 f5 33. exf6 Nf5 34.
Rxf5 exf5 35. g5 f4 36. Qg1 Qh7 37. Rf1 f3 38. Kh4 Re8 39. Qg4+ Bf5 40. g6 Qd7
41. Qg3 Re4+ 42. Bf4 Be6 43. Rxf3 Qd8 44. Qg5 Re2 45. Re3 1-0

[Event "XXXVI Torneo Internacional de La Roda 2"]
[Site "La Roda (Albacete) - ESPAÑA"]
[Date "2009.03.10"]
[Round "4.9"]
[White "Ibarra Jerez, Jose Carlos"]
[Black "Martinez Martin, David"]
[Result "1-0"]
[WhiteElo "2514"]
[BlackElo "2390"]
[PlyCount "69"]
[EventDate "2009.03.08"]

1. e4 c5 2. Nf3 d6 3. d4 cxd4 4. Nxd4 Nf6 5. Nc3 Nc6 6. Bg5 Qb6 7. Nb3 e6 8.
Bf4 Ne5 9. Be3 Qc7 10. f4 Ned7 11. g4 h6 12. Be2 Be7 13. g5 hxg5 14. fxg5 Nh7
15. Nb5 Qb8 16. Qd4 Nxg5 17. O-O-O e5 18. Qc4 O-O 19. Nc7 Nxe4 20. Nd5 Ndf6 21.
Nxe7+ Kh8 22. Nxc8 d5 23. Qd3 Qxc8 24. Bf3 Qh3 25. Qf1 Qh7 26. Bxe4 Qxe4 27.
Qh3+ Kg8 28. Rhg1 Rfc8 29. Rd2 g6 30. Nc5 Qc4 31. b3 Qc3 32. Rdg2 Qa1+ 33. Kd2
Ne4+ 34. Nxe4 Rxc2+ 35. Kxc2 1-0

[Event "XXXVI Torneo Internacional de La Roda 2"]
[Site "La Roda (Albacete) - ESPAÑA"]
[Date "2009.03.10"]
[Round "4.10"]
[White "Pintor Munoz, Antonio"]
[Black "Rizouk, Aimen"]
[Result "0-1"]
[WhiteElo "2243"]
[BlackElo "2505"]
[PlyCount "56"]
[EventDate "2009.03.08"]

1. d4 Nf6 2. c4 e6 3. Nc3 Bb4 4. e3 O-O 5. Nge2 d5 6. a3 Be7 7. cxd5 exd5 8. g3
c6 9. Bg2 Na6 10. O-O Nc7 11. h3 a5 12. Nf4 Re8 13. g4 Bd6 14. f3 c5 15. g5
Bxf4 16. exf4 cxd4 17. Qxd4 Nh5 18. Rd1 Ng3 19. Qf2 Nf5 20. b3 d4 21. Ne2 d3
22. Bb2 Ne3 23. Rd2 Nxg2 24. Qxg2 Bxh3 25. Qxh3 Rxe2 26. Rad1 Qe7 27. Be5 Qc5+
28. Kh1 Rxd2 0-1

[Event "XXXVI Torneo Internacional de La Roda 2"]
[Site "La Roda (Albacete) - ESPAÑA"]
[Date "2009.03.10"]
[Round "4.11"]
[White "Penalosa Pinilla, Jesus"]
[Black "Vera Gonzalez-Quevedo, Reynaldo"]
[Result "0-1"]
[WhiteElo "2236"]
[BlackElo "2475"]
[PlyCount "92"]
[EventDate "2009.03.08"]

1. e4 c5 2. Nf3 d6 3. d4 cxd4 4. Nxd4 Nf6 5. Nc3 e6 6. Bg5 Be7 7. f4 h6 8. Bxf6
Bxf6 9. Qd2 a6 10. O-O-O Bd7 11. Nb3 Be7 12. Be2 Nc6 13. g4 Qc7 14. h4 O-O-O
15. g5 Kb8 16. Kb1 Bc8 17. Bd3 g6 18. f5 Ne5 19. f6 Bf8 20. Be2 b5 21. a4 b4
22. Na2 a5 23. c3 Bb7 24. Qd4 hxg5 25. hxg5 Rxh1 26. Rxh1 d5 27. Rd1 Nc6 28.
Qe3 dxe4 29. Qxe4 Rxd1+ 30. Bxd1 Qg3 31. cxb4 axb4 32. a5 Nxa5 33. Qd4 Nc6 34.
Qd7 Qd6 35. Qxf7 Qxd1+ 36. Nac1 Qd6 37. Qxg6 Ne5 38. Qe8+ Ka7 39. Qb5 Be4+ 40.
Ka1 Qa6+ 41. Qxa6+ Kxa6 42. Nd4 Bf5 43. Nce2 Ng6 44. Ng3 Bg4 45. Ne4 Kb6 46.
Ka2 e5 {....} 0-1

[Event "XXXVI Torneo Internacional de La Roda 2"]
[Site "La Roda (Albacete) - ESPAÑA"]
[Date "2009.03.10"]
[Round "4.12"]
[White "Starostits, Ilmars"]
[Black "Espinosa Aranda, Angel"]
[Result "0-1"]
[WhiteElo "2464"]
[BlackElo "2336"]
[PlyCount "66"]
[EventDate "2009.03.08"]

1. e4 c5 2. Nc3 Nc6 3. g3 g6 4. Bg2 Bg7 5. d3 d6 6. f4 e6 7. Nf3 Nge7 8. O-O
O-O 9. Be3 b6 10. Bf2 Ba6 11. g4 f5 12. exf5 exf5 13. Ng5 Qd7 14. Re1 d5 15.
Ne6 d4 16. Nb1 Rf6 17. Qe2 Bc8 18. Nxg7 Kxg7 19. Bh4 Rf7 20. Nd2 fxg4 21. Nc4
Bb7 22. Bxe7 Rxe7 23. Bxc6 Rxe2 24. Bxd7 Rg2+ 25. Kf1 Rf8 26. f5 Rxh2 27. Nd6
Bf3 28. f6+ Kxf6 29. Kg1 Rg2+ 30. Kf1 Kg5 31. Re5+ Kh4 32. Re7 Kg3 33. Rxh7
Be2+ 0-1

[Event "XXXVI Torneo Internacional de La Roda 2"]
[Site "La Roda (Albacete) - ESPAÑA"]
[Date "2009.03.10"]
[Round "4.13"]
[White "Cortes Lizano, Jesus"]
[Black "Larino Nieto, David"]
[Result "1/2-1/2"]
[WhiteElo "2228"]
[BlackElo "2464"]
[PlyCount "108"]
[EventDate "2009.03.08"]

1. c4 c5 2. Nf3 Nc6 3. Nc3 Nf6 4. d4 cxd4 5. Nxd4 Nxd4 6. Qxd4 g6 7. Bg5 Bg7 8.
Nd5 O-O 9. Bxf6 exf6 10. g3 f5 11. Qd2 Rb8 12. a4 b6 13. Bg2 Bb7 14. O-O Bc6
15. Ra2 Re8 16. b3 Bxd5 17. Qxd5 Re5 18. Qd3 Qc7 19. Rd1 Rd8 20. Qd6 Qxd6 21.
Rxd6 Bf8 22. Rd5 Rxd5 23. Bxd5 Bb4 24. Ra1 Re8 25. Kf1 Kf8 26. Rd1 Ke7 27. Rd3
Kf6 28. Bb7 Re7 29. Bc8 d6 30. Ba6 Bc5 31. Bb5 Rc7 32. Rd5 Ke7 33. Rd1 Kd8 34.
Rd3 Rc8 35. Ba6 Rb8 36. Rf3 Ke7 37. Rd3 Ke6 38. Rd5 Kd7 39. Rd3 Kc7 40. Rf3 Rf8
41. Ke1 h5 42. h3 Kc6 43. Kd2 Bd4 44. Kd3 Be5 45. Kc2 h4 46. gxh4 Rh8 47. Kd2
Rxh4 48. Bb5+ Kc5 49. Be8 Rh7 50. a5 bxa5 51. Kc2 Rg7 52. Rd3 a6 53. Rd5+ Kb6
54. c5+ Kc7 1/2-1/2

[Event "XXXVI Torneo Internacional de La Roda 2"]
[Site "La Roda (Albacete) - ESPAÑA"]
[Date "2009.03.10"]
[Round "4.14"]
[White "Pozo Vera, Sandro"]
[Black "Pardo Simon, David"]
[Result "1/2-1/2"]
[WhiteElo "2459"]
[BlackElo "2289"]
[PlyCount "37"]
[EventDate "2009.03.08"]

1. d4 Nf6 2. Nf3 e6 3. c4 b6 4. Nc3 Bb4 5. Bg5 h6 6. Bh4 Bb7 7. e3 Bxc3+ 8.
bxc3 d6 9. Bd3 Nbd7 10. O-O O-O 11. Nd2 Qe8 12. f4 d5 13. Qc2 c5 14. Rae1 Rc8
15. cxd5 exd5 16. Bf5 Rc7 17. Qd3 Ne4 18. Nxe4 dxe4 19. Qe2 1/2-1/2

[Event "XXXVI Torneo Internacional de La Roda 2"]
[Site "La Roda (Albacete) - ESPAÑA"]
[Date "2009.03.10"]
[Round "4.15"]
[White "Gonzalez Mateos, Rafael"]
[Black "Rojas Keim, Luis"]
[Result "0-1"]
[WhiteElo "2203"]
[BlackElo "2444"]
[PlyCount "60"]
[EventDate "2009.03.08"]

1. d4 Nf6 2. c3 g6 3. Bg5 Bg7 4. Nd2 d6 5. e4 O-O 6. f4 c5 7. d5 Ng4 8. Bd3 f5
9. exf5 Bxf5 10. Bxf5 gxf5 11. Qe2 Qd7 12. O-O-O Na6 13. Ngf3 Rae8 14. h3 Nf6
15. Qd3 Nc7 16. Bxf6 Rxf6 17. g4 Qa4 18. g5 Rff8 19. Qc4 Qa5 20. Kb1 b5 21. Qe2
e5 22. dxe6 Rxe6 23. Qd3 c4 24. Qc2 Nd5 25. Nf1 Nxf4 26. Ng3 Re3 27. Rhf1 Nd3
28. Nh5 b4 29. cxb4 Nxb4 30. Qxc4+ d5 0-1

[Event "XXXVI Torneo Internacional de La Roda 2"]
[Site "La Roda (Albacete) - ESPAÑA"]
[Date "2009.03.10"]
[Round "4.16"]
[White "Cruz, Filemon"]
[Black "Klein, Felix"]
[Result "1-0"]
[WhiteElo "2411"]
[BlackElo "2288"]
[PlyCount "113"]
[EventDate "2009.03.08"]

1. d4 d5 2. Nf3 c6 3. c4 e6 4. e3 f5 5. Qc2 Nf6 6. Be2 Bd6 7. b3 O-O 8. O-O Qe7
9. Nbd2 b6 10. Bb2 Bb7 11. Rac1 a5 12. Ne5 Na6 13. Ndf3 Nb4 14. Qb1 c5 15. dxc5
bxc5 16. a3 Nc6 17. Qc2 Nxe5 18. Bxe5 dxc4 19. Bxd6 Qxd6 20. Qxc4 Ba6 21. Qc2
Bxe2 22. Qxe2 a4 23. Rfd1 Qe7 24. Rd3 axb3 25. Rxb3 Rfb8 26. Qc4 Ne4 27. h3 Nd6
28. Rxb8+ Rxb8 29. Qf4 Ra8 30. Rxc5 Ne4 31. Rc7 Qxa3 32. Nd4 Qd6 33. Qxd6 Nxd6
34. Nxe6 g6 35. Rg7+ Kh8 36. Rd7 Ne4 37. f3 Nf6 38. Rf7 Nh5 39. g4 Kg8 40. Re7
Ra1+ 41. Kf2 Ra2+ 42. Ke1 Ng3 43. Rg7+ Kh8 44. Rd7 h5 45. gxf5 Nxf5 46. e4 Nh4
47. f4 Ra6 48. Rd8+ Kh7 49. Ng5+ Kg7 50. Kf2 Ra3 51. Rd7+ Kg8 52. e5 Nf5 53. e6
Re3 54. Rd5 Ra3 55. Rd8+ Kg7 56. Rd7+ Kf8 57. Nh7+ 1-0

[Event "XXXVI Torneo Internacional de La Roda 2"]
[Site "La Roda (Albacete) - ESPAÑA"]
[Date "2009.03.10"]
[Round "4.17"]
[White "Dolezal, Cristian"]
[Black "Alcaraz Ortega, Javier"]
[Result "1/2-1/2"]
[WhiteElo "2406"]
[BlackElo "2237"]
[PlyCount "58"]
[EventDate "2009.03.08"]

1. e4 c5 2. Nf3 e6 3. c4 b6 4. Nc3 Bb7 5. d4 cxd4 6. Nxd4 d6 7. Be2 a6 8. O-O
Nd7 9. Be3 Ngf6 10. f3 Be7 11. Qd2 Qc7 12. Rac1 Rc8 13. b4 O-O 14. a3 Rfe8 15.
Rfd1 Qb8 16. Bf1 Bd8 17. Nb3 Ne5 18. Na4 d5 19. Bxb6 Bc6 20. Bxd8 Bxa4 21. Bxf6
gxf6 22. Nc5 Bxd1 23. Rxd1 dxc4 24. Qh6 a5 25. Qxf6 axb4 26. Qg5+ Kh8 27. Qf6+
Kg8 28. Qg5+ Kh8 29. Qf6+ Kg8 1/2-1/2

[Event "XXXVI Torneo Internacional de La Roda 2"]
[Site "La Roda (Albacete) - ESPAÑA"]
[Date "2009.03.10"]
[Round "4.20"]
[White "Paunovic, Dragan"]
[Black "Gil Quilez, David"]
[Result "1/2-1/2"]
[WhiteElo "2537"]
[BlackElo "2150"]
[PlyCount "119"]
[EventDate "2009.03.08"]

1. c4 f5 2. g3 Nf6 3. Bg2 g6 4. Nc3 Bg7 5. d3 c6 6. e4 d6 7. Nge2 O-O 8. O-O
Na6 9. h3 e5 10. exf5 Bxf5 11. d4 Be6 12. b3 Qd7 13. dxe5 dxe5 14. Qxd7 Nxd7
15. Ne4 Rfb8 16. Rd1 Ndc5 17. N2c3 Rd8 18. Bg5 Rxd1+ 19. Rxd1 Kf8 20. Nxc5 Nxc5
21. b4 Nd7 22. b5 Rc8 23. bxc6 bxc6 24. Rd6 Kf7 25. Rxc6 Rxc6 26. Bxc6 Nb6 27.
c5 Nd7 28. Be3 Bf8 29. Ne4 Ke7 30. a4 Kd8 31. g4 Kc7 32. Bb5 Be7 33. a5 Bd5 34.
c6 Bxc6 35. Bxc6 Kxc6 36. Bxa7 Kb5 37. Bb6 Nxb6 38. axb6 Kxb6 39. Kf1 Kc6 40.
Ke2 Kd5 41. Kd3 Ke6 42. Kc4 h5 43. f3 hxg4 44. hxg4 Ba3 45. Kd3 Be7 46. Nc3 Bb4
47. Nd1 Bc5 48. Nc3 Bb4 49. Ne4 Be7 50. Kc4 Ba3 51. Nc3 Be7 52. Kb5 Bg5 53. Kc6
Bd2 54. Nb5 e4 55. fxe4 Ke5 56. Nd6 Bb4 57. Nf7+ Kxe4 58. Nh6 g5 59. Nf7 Kf4
60. Nxg5 1/2-1/2

[Event "XXXVI Torneo Internacional de La Roda 2"]
[Site "La Roda (Albacete) - ESPAÑA"]
[Date "2009.04.10"]
[Round "5.1"]
[White "Cruz, Cristhian"]
[Black "Lopez Martinez, Josep Manuel"]
[Result "1-0"]
[WhiteElo "2544"]
[BlackElo "2557"]
[PlyCount "91"]
[EventDate "2009.03.08"]

1. d4 Nf6 2. c4 g6 3. Nc3 Bg7 4. e4 d6 5. Be2 O-O 6. Nf3 e5 7. O-O Nc6 8. d5
Ne7 9. b4 Nh5 10. Re1 a5 11. bxa5 Rxa5 12. a4 c5 13. Nd2 Nf4 14. Bf1 Ra6 15.
Nb5 Nh5 16. Ra3 Bh6 17. Bb2 f5 18. exf5 Nxf5 19. Ne4 Nf6 20. g3 Nxe4 21. Rxe4
Ng7 22. Bc1 Qf6 23. Ra2 Bxc1 24. Qxc1 Nh5 25. Qb2 Qd8 26. Re1 Nf6 27. Qc1 Bd7
28. Bg2 Qa5 29. Rf1 Bxb5 30. cxb5 Raa8 31. f4 e4 32. f5 Kg7 33. Qf4 Rae8 34.
Qxd6 Qb4 35. Rc2 Qd4+ 36. Kh1 Rc8 37. fxg6 hxg6 38. Rcf2 Rce8 39. a5 e3 40. Re2
Ng4 41. Rfe1 Rf2 42. Qd7+ Kh6 43. Qxe8 Rxe2 44. Qf8+ Kh5 45. Rxe2 Nf2+ 46. Rxf2
1-0

[Event "XXXVI Torneo Internacional de La Roda 2"]
[Site "La Roda (Albacete) - ESPAÑA"]
[Date "2009.04.10"]
[Round "5.2"]
[White "Cornette, Matthieu"]
[Black "Rizouk, Aimen"]
[Result "1-0"]
[WhiteElo "2573"]
[BlackElo "2505"]
[PlyCount "41"]
[EventDate "2009.03.08"]

1. e4 e5 2. Nf3 Nc6 3. Bb5 Nf6 4. d3 Bc5 5. Nc3 d6 6. O-O O-O 7. Na4 Bb6 8.
Nxb6 axb6 9. c3 Ne7 10. Re1 c6 11. Bc4 Ng6 12. h3 h6 13. d4 exd4 14. Qxd4 Re8
15. Bb3 Be6 16. Bc2 Qc7 17. c4 c5 18. Qc3 Ne5 19. b3 Bd7 20. Nh4 Qd8 21. f4 {
...} 1-0

[Event "XXXVI Torneo Internacional de La Roda 2"]
[Site "La Roda (Albacete) - ESPAÑA"]
[Date "2009.04.10"]
[Round "5.3"]
[White "Movsziszian, Karen"]
[Black "Libiszewski, Fabien"]
[Result "1-0"]
[WhiteElo "2556"]
[BlackElo "2505"]
[PlyCount "139"]
[EventDate "2009.03.08"]

1. g3 e5 2. Bg2 d5 3. d3 g6 4. Nf3 Bg7 5. O-O Ne7 6. Nbd2 O-O 7. e4 c6 8. b3
Qc7 9. Bb2 Re8 10. Re1 Nd7 11. d4 exd4 12. Bxd4 Nf6 13. c4 dxe4 14. Nxe4 Nxe4
15. Bxg7 Kxg7 16. Rxe4 Bf5 17. Qd4+ f6 18. Re3 c5 19. Qc3 Nc6 20. Rae1 Rxe3 21.
Qxe3 Qd6 22. h3 Rf8 23. g4 Bc8 24. Nd2 b6 25. Ne4 Qc7 26. Nc3 Rf7 27. Nb5 Qd7
28. Qe8 Nb4 29. a3 Nc2 30. Bc6 Qxe8 31. Rxe8 Bd7 32. Bxd7 Rxd7 33. Ra8 a5 34.
Rb8 Na1 35. Rxb6 Nxb3 36. Nd6 a4 37. Ne8+ Kf7 38. Nxf6 Rd1+ 39. Kg2 Ra1 40.
Nxh7 Rxa3 41. Ng5+ Kg7 42. Ne6+ Kf7 43. h4 Nd4 44. Nxc5 Rc3 45. Rb7+ Kg8 46.
Nxa4 Rxc4 47. Nb6 Rb4 48. Rb8+ Kg7 49. Nd7 Ra4 50. Rb7 Kg8 51. Ne5 Ne6 52. f3
Nf4+ 53. Kg3 Ne2+ 54. Kf2 Nf4 55. Rb8+ Kg7 56. Rb7+ Kg8 57. Nd7 Ra2+ 58. Ke3
Ng2+ 59. Ke4 Nxh4 60. Kf4 Ra5 61. Kg3 g5 62. Nf6+ Kf8 63. Nh7+ Kg8 64. Nxg5 Ng6
65. Ne4 Ra3 66. g5 Kf8 67. Nf6 Rd3 68. Kg4 Ne5+ 69. Kf5 Nxf3 70. Rb8+ 1-0

[Event "XXXVI Torneo Internacional de La Roda 2"]
[Site "La Roda (Albacete) - ESPAÑA"]
[Date "2009.04.10"]
[Round "5.4"]
[White "Suba, Mihai"]
[Black "Llorente Zaro, Alfonso"]
[Result "1/2-1/2"]
[WhiteElo "2542"]
[BlackElo "2434"]
[PlyCount "136"]
[EventDate "2009.03.08"]

1. c4 e5 2. g3 Nf6 3. Bg2 c6 4. d4 e4 5. Nc3 d5 6. cxd5 cxd5 7. Bg5 Bb4 8. Bxf6
Qxf6 9. e3 Bxc3+ 10. bxc3 Qc6 11. Qb3 Nd7 12. a4 Nb6 13. Bf1 O-O 14. Bb5 Qc7
15. a5 Nd7 16. g4 Nf6 17. g5 Ng4 18. h3 Nh2 19. Kd2 Be6 20. Qa3 Rac8 21. Qc5
Qb8 22. Qe7 a6 23. Ba4 Rc4 24. Bb3 Rc6 25. Ba4 Rc4 26. Bc2 Rfc8 27. Ne2 Nf3+
28. Kd1 R4c7 29. Qd6 Nxg5 30. Rb1 Rc6 31. Qe7 Nxh3 32. Rxb7 R6c7 33. Rxb8 Rxe7
34. Rxc8+ Bxc8 35. Kd2 Nxf2 36. Rh5 Be6 37. Nf4 Rd7 38. Ba4 Rb7 39. Bc6 Rb2+
40. Kc1 Ra2 41. Bxd5 Rxa5 42. Nxe6 g6 43. Rg5 h6 44. Rg2 Nd3+ 45. Kb1 Rxd5 46.
Nc7 Rg5 47. Rh2 h5 48. c4 Kf8 49. Nxa6 Rg3 50. c5 Ke7 51. Nc7 Rg1+ 52. Kc2 Rg2+
53. Rxg2 Ne1+ 54. Kd2 Nxg2 55. Ke2 h4 56. Kf2 h3 57. Nd5+ Ke6 58. c6 Kd6 59. c7
Kd7 60. Kg3 f5 61. Kxh3 Ne1 62. Kg3 Nd3 63. c8=Q+ Kxc8 64. Ne7+ Kd7 65. Nxg6
Ke6 66. Nf4+ Kd6 67. Ne2 Kd5 68. Kh4 f4 1/2-1/2

[Event "XXXVI Torneo Internacional de La Roda 2"]
[Site "La Roda (Albacete) - ESPAÑA"]
[Date "2009.04.10"]
[Round "5.5"]
[White "Del Rio De Angelis, Salvador G"]
[Black "Cruz, Filemon"]
[Result "1-0"]
[WhiteElo "2531"]
[BlackElo "2411"]
[PlyCount "69"]
[EventDate "2009.03.08"]

1. d4 g6 2. e4 Bg7 3. Nc3 d6 4. Be3 c6 5. Nf3 Nf6 6. Qd2 Ng4 7. Bg5 h6 8. Bh4
Nf6 9. h3 O-O 10. Bd3 Na6 11. O-O Qc7 12. Rfe1 g5 13. e5 dxe5 14. Bg3 Nb4 15.
Bc4 Bf5 16. Nxe5 Qd8 17. Bb3 Nbd5 18. Bh2 e6 19. Nc4 Nxc3 20. Qxc3 Ne4 21. Qf3
b5 22. Ne5 Nd2 23. Qc3 Nxb3 24. axb3 Re8 25. Ra6 Rc8 26. Rxa7 c5 27. dxc5 Qd5
28. b4 Red8 29. Qe3 Bxc2 30. Nxf7 Rf8 31. Nd6 Bd4 32. Nxc8 Bxe3 33. Ne7+ Kh8
34. Nxd5 Bxf2+ 35. Kh1 1-0

[Event "XXXVI Torneo Internacional de La Roda 2"]
[Site "La Roda (Albacete) - ESPAÑA"]
[Date "2009.04.10"]
[Round "5.6"]
[White "Vera Gonzalez-Quevedo, Reynaldo"]
[Black "Cabrera, Alexis"]
[Result "1/2-1/2"]
[WhiteElo "2475"]
[BlackElo "2518"]
[PlyCount "22"]
[EventDate "2009.03.08"]

1. e4 e5 2. Nf3 Nc6 3. Bb5 f5 4. d3 fxe4 5. dxe4 Nf6 6. O-O Bc5 7. Qe2 d6 8.
Nc3 O-O 9. Bxc6 bxc6 10. Nxe5 Bxf2+ 11. Rxf2 dxe5 1/2-1/2

[Event "XXXVI Torneo Internacional de La Roda 2"]
[Site "La Roda (Albacete) - ESPAÑA"]
[Date "2009.04.10"]
[Round "5.7"]
[White "Almeida Quintana, Omar"]
[Black "Granero Roca, Antonio"]
[Result "1/2-1/2"]
[WhiteElo "2516"]
[BlackElo "2393"]
[PlyCount "49"]
[EventDate "2009.03.08"]

1. d4 Nf6 2. c4 e6 3. Nf3 Bb4+ 4. Bd2 a5 5. g3 b6 6. Bg2 Bb7 7. Nc3 Bxc3 8.
Bxc3 Ne4 9. Rc1 d6 10. O-O Nxc3 11. Rxc3 Nd7 12. d5 e5 13. Nd2 O-O 14. Qc2 Qe7
15. Re3 f5 16. f4 g6 17. Nf3 Rae8 18. b3 Qf6 19. Rd1 exf4 20. Rxe8 Rxe8 21.
gxf4 Qe7 22. Qc3 Nf6 23. Nd4 Ng4 24. Qg3 Bc8 25. Rd3 1/2-1/2

[Event "XXXVI Torneo Internacional de La Roda 2"]
[Site "La Roda (Albacete) - ESPAÑA"]
[Date "2009.04.10"]
[Round "5.8"]
[White "Rojas Keim, Luis"]
[Black "Ibarra Jerez, Jose Carlos"]
[Result "0-1"]
[WhiteElo "2444"]
[BlackElo "2514"]
[PlyCount "76"]
[EventDate "2009.03.08"]

1. e4 c5 2. d3 e6 3. Nf3 d5 4. Nbd2 Nc6 5. g3 g6 6. Bg2 Bg7 7. O-O Nge7 8. Re1
O-O 9. c3 Qc7 10. h4 h6 11. Qe2 b6 12. e5 f6 13. exf6 Rxf6 14. Nf1 Rf7 15. Ne3
e5 16. h5 g5 17. Nxg5 hxg5 18. Nxd5 Nxd5 19. Bxd5 Bb7 20. Bxg5 Nd8 21. Bxb7
Qxb7 22. h6 Bh8 23. f4 Ne6 24. Qg4 Nxg5 25. fxg5 Qf3 26. Re4 Raf8 27. Kh2 Qxg4
28. Rxg4 Rf2+ 29. Kh3 Kh7 30. Ra4 Kg6 31. Kh4 Rh2+ 32. Kg4 Rf7 33. d4 cxd4 34.
cxd4 Rh5 35. dxe5 Bxe5 36. Re1 Rxg5+ 37. Kh3 Rxg3+ 38. Kh4 Rg5 0-1

[Event "XXXVI Torneo Internacional de La Roda 2"]
[Site "La Roda (Albacete) - ESPAÑA"]
[Date "2009.04.10"]
[Round "5.9"]
[White "Espinosa Aranda, Angel"]
[Black "Korneev, Oleg"]
[Result "0-1"]
[WhiteElo "2336"]
[BlackElo "2587"]
[PlyCount "98"]
[EventDate "2009.03.08"]

1. e4 c5 2. Nf3 e6 3. d4 cxd4 4. Nxd4 a6 5. Bd3 Bc5 6. Nb3 Ba7 7. O-O Ne7 8.
Qe2 Nbc6 9. Be3 O-O 10. Nc3 d6 11. Rad1 b5 12. f4 b4 13. Nb1 a5 14. Qf2 Qc7 15.
N1d2 Bxe3 16. Qxe3 Qa7 17. Qxa7 Rxa7 18. Nf3 d5 19. Nbd4 Nxd4 20. Nxd4 Ba6 21.
e5 Rc8 22. Rc1 g6 23. Kf2 Nf5 24. Nxf5 gxf5 25. Ke3 Kf8 26. g3 Ke7 27. Kd2 h5
28. h4 Bc4 29. b3 Ba6 30. Bxa6 Rxa6 31. c4 dxc4 32. Rxc4 Rxc4 33. bxc4 Rc6 34.
Kd3 Rc8 35. Kd4 Kd7 36. a3 Kc6 37. axb4 axb4 38. Ra1 Rd8+ 39. Ke3 Kc5 40. Ra7
b3 41. Rb7 Kxc4 42. Rc7+ Kb4 43. Rxf7 b2 44. Rb7+ Kc3 45. Rc7+ Kb3 46. Rb7+ Kc2
47. Rc7+ Kd1 48. Rb7 Rd2 49. Rb6 Kc1 0-1

[Event "XXXVI Torneo Internacional de La Roda 2"]
[Site "La Roda (Albacete) - ESPAÑA"]
[Date "2009.04.10"]
[Round "5.10"]
[White "Chueca Forcen, Alberto"]
[Black "Larino Nieto, David"]
[Result "0-1"]
[WhiteElo "2271"]
[BlackElo "2464"]
[PlyCount "88"]
[EventDate "2009.03.08"]

1. d4 d5 2. c4 c6 3. Nf3 Nf6 4. Nc3 e6 5. Bg5 dxc4 6. e4 b5 7. e5 h6 8. Bh4 g5
9. Nxg5 hxg5 10. Bxg5 Nbd7 11. exf6 Bb7 12. Be2 Qb6 13. O-O O-O-O 14. Qc1 Bd6
15. h4 c5 16. a4 a6 17. axb5 axb5 18. dxc5 Nxc5 19. Qe3 Rdg8 20. b4 Rxh4 21.
bxc5 Bh2+ 22. Kh1 Bf4+ 23. Bxh4 Bxg2+ 24. Kg1 Qc6 25. Qg3 Bxg3 26. fxg3 Bxf1
27. Bxf1 b4 28. Na4 Kc7 29. Bg2 Qa6 30. Kh2 b3 31. Ra3 Rb8 32. g4 Rb4 33. Bg3+
Kd8 34. Ra1 Rxa4 35. Rd1+ Kc8 36. c6 e5 37. Bxe5 Ra5 38. Bg3 Rc5 39. Re1 Rxc6
40. Re8+ Kd7 41. Re7+ Kd8 42. Bxc6 Qxc6 43. Rxf7 b2 44. Bc7+ Kc8 0-1

[Event "XXXVI Torneo Internacional de La Roda 2"]
[Site "La Roda (Albacete) - ESPAÑA"]
[Date "2009.04.10"]
[Round "5.11"]
[White "Alcaraz Ortega, Javier"]
[Black "Pozo Vera, Sandro"]
[Result "1/2-1/2"]
[WhiteElo "2237"]
[BlackElo "2459"]
[PlyCount "49"]
[EventDate "2009.03.08"]

1. c4 e6 2. g3 d5 3. Bg2 c5 4. Nf3 Nc6 5. O-O Nf6 6. cxd5 exd5 7. d4 Be7 8. Nc3
O-O 9. Bg5 cxd4 10. Nxd4 h6 11. Be3 Re8 12. Qa4 Bd7 13. Nxd5 Nxd5 14. Bxd5 Nb4
15. Qb3 Nxd5 16. Qxd5 Bh3 17. Qxd8 Raxd8 18. Rfd1 Bf6 19. Rd2 Bg4 20. Re1 a6
21. Kg2 g5 22. h3 Bxd4 23. Bxd4 Bxe2 24. Rdxe2 Rxe2 25. Rxe2 1/2-1/2